1890 1043 1196 1820 1463 1992 1937 1274 1998 1391 1170 1924 1868 1842 1784 1339 1346 1297 1956 1163 1105 1694 1007 1816 1487 1007 1897 1387 1300 1730 1823 1757 1451 1712 1170 1825 1028 1318 1487 1040 1341 1631 1979 1001 1247 1362 1800 1239 1172 1657 1826 1619 1000 1891 1070 1461 1979 1649 1110 1236 1383 1427 1718 1434 1619 1232 1573 1299 1788 1060 1120 1269 1614 1055 1570 1080 1890 1135 1175 1497 1660 1238 1581 1806 1727 1226 1388 1947 1414 1725 1294 1938 1314 1791 1642 1283 1017 1534 1059 BCNSPRNW ULIB Ver.6.0+V

เปลี่ยนเป็นภาษาไทย

Change to English
 แสดงรายละเอียดบรรณานุกรม
  กลับหน้าหลัก

Brief Record : Get Marc (ISO 2709) : E-mail record : QR code < ปิดหน้าต่าง
LEADER : 00000nam 2200000uu 4500
001    13399120605
003     ULIB
008    120928s2550||||th 000 0 tha d
020    ^a9749717341
060 04 ^aWY152^bส236ก 2550
100 0  ^aสมจินต์ เพชรพันธุ์ศรี
245 10 ^aการพยาบาลเพื่อการฟื้นฟูสภาพ :^bประยุกต์ใช้ในผู้สูงอายุ /^cสมจินต์ เพชรพันธุ์ศรี, ถนอมขวัญ ทวีบูรณ์
250    ^a พิมพ์ครั้งที่ 2
260    ^a กรุงเทพฯ :^bศุภวนิชการพิมพ์,^c2550
300    ^a 126 หน้า ;^c30 ซม.
650  7 ^aการพยาบาลเวชศาสตร์วัยชรา
650  7 ^aการฟื้นฟูสมรรถภาพ
650  7 ^aผู้สูงอายุ
700 0  ^aถนอมขวัญ ทวีบูรณ์
945    ^p200^l0^i14174
945    ^p200^l0^i14175
995    ^a วิภา
999 ^a ใช้งานได้ทุกระบบ
รายการนี้ยังไม่มีแท็ก
คุณยังไม่ได้ล็อกอิน คุณสามารถมีกิจกรรมร่วมกับเว็บไซต์ได้ แต่ต้องล็อกอินก่อน ::
  ล็อกอิน

รายการสื่อสารสนเทศ

ลำดับที่ ประเภท เลขเรียก/บาร์โค้ด สถานที่ สถานะ
1. วิทยาศาสตร์การแพทย์ และสุขภาพ
วิทยาศาสตร์การแพทย์ และสุขภาพ
WY152 ส236ก 2550  
  Barcode: 14174
ห้องสมุดวิทยาเขตสวรรค์ประชารักษ์
►ส่วนจัดเก็บหนังสือเก่า สปร
บนชั้น
  ขอยืม
2. วิทยาศาสตร์การแพทย์ และสุขภาพ
วิทยาศาสตร์การแพทย์ และสุขภาพ
WY152 ส236ก 2550 ฉ.2 
  Barcode: 14175
ห้องสมุดวิทยาเขตสวรรค์ประชารักษ์
►ส่วนจัดเก็บหนังสือเก่า สปร
บนชั้น
  ขอยืม

รายการใกล้เคียง
    ผู้แต่ง [สมจินต์ เพชรพันธุ์ศรี]

    หัวเรื่อง [การพยาบาลเวชศาสตร์วัยชรา]
    หัวเรื่อง [การฟื้นฟูสมรรถภาพ]
    หัวเรื่อง [ผู้สูงอายุ]

BibComment


ยังไม่เคยถูกคอมเมนท์

คอมเมนท์ทรัพยากรรายการนี้
  คอมเมนท์: การพยาบาลเพื่อกา..


 Copyright 2026. Bcnsprnw @Library